| 000 | 01035nam a2200229 u 4500 | ||
|---|---|---|---|
| 001 | 000443100 | ||
| 003 | AM-YeHGA | ||
| 005 | 20250617133245.0 | ||
| 008 | 050606s1973 ||||||||||||||||||||rus|d | ||
| 040 | _aAM-YeHGA | ||
| 041 | 0 | _arus | |
| 100 | 1 | _aСафарова, Земфира | |
| 245 | 1 | 0 |
_aМузыкально-эстетические взгляды Узеира Гаджибекова / _cЗ. Сафарова ; Ин-т архитектуры и искусства АН АзССР. |
| 260 |
_aМосква : _bСов. композитор, _c1973. |
||
| 300 |
_a172 с. : _b[1] л. портр., нот. ил. |
||
| 600 | 1 | 4 |
_aГаджибеков, Узеир Абдул Гусейн оглы _d1885-1948 |
| 650 | 1 | 4 | _aКомпозиторы советские |
| 650 | 1 | 4 |
_aМузыкальная культура _zАзербайджан |
| 653 | 0 | _aНародная музыка Азербайджана | |
| 710 | 2 | _aИнститут архитектуры и искусства АН АзССР | |
| 090 | _c164472 | ||
| 999 |
_c163057 _d163057 |
||